| 000 | 01109cam a22002773a 4500 | ||
|---|---|---|---|
| 001 | 3089 | ||
| 003 | PGUSA | ||
| 005 | 20140828083025.0 | ||
| 008 | 041004s2004||||xxu|||||s|||||000 | eng d | ||
| 040 |
_aPGUSA _beng |
||
| 042 | _adc | ||
| 050 | 4 | _aPQ | |
| 100 | 1 |
_aMaupassant, Guy de, _d1850-1893 |
|
| 245 | 1 | 0 |
_aOriginal Short Stories — Volume 13 _h[electronic resource] / _cGuy de Maupassant |
| 260 |
_bProject Gutenberg, _c2004 |
||
| 505 | 0 | _aOld Judas -- The little cask -- Boitelle -- A widow -- The Englishmen of Etretat -- Magnetism -- A father's confession -- A mother of monsters -- An uncomfortable bed -- A portrait -- The drunkard -- The wardrobe -- The mountain pool -- A cremation -- Misti -- Madame Hermet -- The magic couch. | |
| 506 | _aPublic domain in the USA. | ||
| 516 | _aElectronic text | ||
| 653 | _aShort stories, French -- Translations into English | ||
| 700 | 1 | _aHenderson, A. E. | |
| 700 | 1 | _aMcMaster, Albert Cohn | |
| 700 | 1 | _aQuesada, Louise Charlotte Garstin | |
| 830 | 0 |
_aProject Gutenberg _v3089 |
|
| 856 | 4 | 0 | _uhttp://www.gutenberg.org/ebooks/3089 |
| 942 | _cEB | ||
| 999 |
_c232418 _d232418 |
||